| 000 | 01565nam0a2200337 4500 | ||
|---|---|---|---|
| 001 | RU\NLR\bibl\1122940 | ||
| 005 | 20260406074453.0 | ||
| 010 |
_a978-5-17-038239-2 _bАСТ |
||
| 010 |
_a978-5-9713-4969-3 _bАСТ МОСКВА |
||
| 010 |
_a978-5-9762-1997-7 _bХранитель _97000 |
||
| 021 |
_aRU _b2007-49088 _92602 |
||
| 035 | _a(nilc)RSL-KNO-003149381 | ||
| 035 | _a(NLR Aleph) 001109899 | ||
| 090 |
_a1231465 _c1231465 |
||
| 100 | _a20070727d2007 |||y0rusy50 ca | ||
| 101 | 1 |
_arus _ceng |
|
| 102 | _aRU | ||
| 105 | _ay zzzz||||| | ||
| 200 | 1 |
_aЗабытое дело _fМайкл Коннелли _g[пер. с англ. С. Самуйлова] |
|
| 210 |
_aМосква _cАСТ _cХранитель _d2007 |
||
| 215 |
_a349, [1] с. _d22 |
||
| 225 | 1 | _aThe lnternational Bestseller | |
| 610 | 0 | _aФилологические науки. Художественная литература -- США -- Американская литература -- с 1945 г. -- Произведения художественной литературы -- Художественная проза -- Романы. Повести. Рассказы -- Приключенческие и детективные романы, повести, рассказы | |
| 686 |
_aШ5(7США)62-644.6 _2rubbk |
||
| 700 | 1 |
_4070 _7ca _8rus _aКоннелли _bМ. _f1956- _gМайкл _917724 _3RU\NLR\auth\7734722 |
|
| 801 | 0 |
_aRU _bРКП _c20070727 _grcr |
|
| 801 | 1 |
_aRU _bРГБ _c20070727 |
|
| 801 | 2 |
_aRU _bNLR _c20070903 _grcr |
|
| 942 | _cBOOK | ||
| 980 | _aNB | ||